Η απασχόληση στον τουρισμό : διάρθρωση στις τουριστικές επιχειρήσεις : διπλωματική εργασία
Saved in:
| Main Author: | |
|---|---|
| Corporate Author: | |
| Other Authors: | , |
| Format: | Thesis Book |
| Language: | Greek |
| Published: |
2006
|
| Subjects: | |
| Online Access: | http://hdl.handle.net/11610/11438 |
| Tags: |
Add Tag
No Tags, Be the first to tag this record!
|
MARC
| LEADER | 00000cam a2200000 i 4500 | ||
|---|---|---|---|
| 001 | 1/35797 | ||
| 008 | 061019s2006 gre d | ||
| 035 | |l 10085650 | ||
| 040 | |a GR-MY-UA |b gre |e aacr | ||
| 041 | 0 | |a gre | |
| 082 | 0 | |a 338.4791023 |2 (22) | |
| 100 | 1 | |a Φρονιμάκη, Ευγενία. | |
| 245 | 1 | 2 | |a Η απασχόληση στον τουρισμό : |b διάρθρωση στις τουριστικές επιχειρήσεις : διπλωματική εργασία / |c Φρονιμάκη Ευγενία ; επιβλέποντες Οικονομάκης Γιώργος και Λαγός Δημήτρης |
| 260 | |c 2006 | ||
| 300 | |a 93 σ.; |b διαγρ., πίν.; |c 30 εκ. | ||
| 502 | # | # | |a Διατριβή (μεταπτυχιακή) – Πανεπιστήμιο Αιγαίου, Χίος, 2006. |
| 504 | |a Περιλαμβάνει βιβλιογραφία | ||
| 610 | 2 | 0 | |a Πανεπιστήμιο Αιγαίου. |
| 650 | 0 | 0 | |a Tourism |x Vocational guidance. |
| 650 | 0 | 0 | |a Tourism |x Employees. |
| 650 | 0 | 0 | |a Women |x Tourist trade. |
| 650 | 0 | 0 | |a Women |x Employment. |
| 650 | 0 | 0 | |a Dissertations, Academic |z Greece. |
| 700 | 1 | |4 ths |a Λαγός, Δημήτρης Γ. | |
| 700 | 1 | |4 ths |a Οικονομάκης, Γεώργιος Η., |d 1960- | |
| 710 | 2 | |a Πανεπιστήμιο Αιγαίου |b Σχολή Επιστημών της Διοίκησης |b Τμήμα Διοίκησης Επιχειρήσεων |b Πρόγραμμα Μεταπτυχιακών Σπουδών "Σχεδιασμός, Διοίκηση και Πολιτική του Τουρισμού". | |
| 852 | |a INST |b CHIOS |c DIATR |e 20061019 |h 338.4791023 ΦΡΟ |p 005200026977 |q 005200026977 |t MTXE |y 23 | ||
| 852 | |a INST |b CHIOS |c DIATR |e 20061019 |h 338.4791023 ΦΡΟ |p 005200026978 |q 005200026978 |t MTXE |y 23 | ||
| 856 | |u http://hdl.handle.net/11610/11438 | ||
| 901 | |a BIBL2-2006-3 | ||
| 909 | |a Χ |b 120390 | ||
| 909 | |a Χ |b 120389 | ||
| 924 | |a ΦΡΟΝΙΜΑΚΗ |b ΕΥΓΕΝΙΑ |y ΧΙΟΣ |z 2006-10 | ||
| 970 | |a ΒΑΣΙΛΑΚΗ |b ΝΙΚΗ |z 2006/10/19 | ||